000 00315 a2200133 4500
000 nam a22 7a 4500
100 _aMahendra
110 _aMahendra
245 _aBharat ka aarthik itihas Mahendra Kumar Mishra
250 _aLatest edition
260 _bKalpna
_c2023
264 _bKalpna
_c2023
942 _cBK
999 _c311205
_d311205